[Event "Almansa op-B 12th"]
[Site "Almansa"]
[Date "2017.08.03"]
[Round "5"]
[White "Jimenez Manuel, Juan Jose"]
[Black "Perales Paton, Miguel"]
[Result "1-0"]
[WhiteElo "1674"]
[BlackElo "1850"]
[PlyCount "97"]
[EventDate "2017.08.01"]
[EventType "swiss"]
[EventRounds "9"]
[EventCountry "ESP"]
[SourceTitle "EXT 2019"]
[Source "ChessBase"]
[SourceDate "2018.10.10"]
[SourceVersion "1"]
[SourceVersionDate "2018.10.10"]
[SourceQuality "1"]

1. d4 d5 2. Bf4 Nf6 3. e3 c5 4. c3 Qb6 5. Qb3 c4 6. Qc2 Nc6 7. Nd2 g6 8. e4 Nxe4 9. Nxe4 dxe4 10. Bxc4 Bf5 11. Be3 Qc7 12. Bb3 Bg7 13. Ne2 0-0 14. 0-0 Rac8 15. Rac1 a5 16. a3 Qd7 17. Qd2 Rfd8 18. Rfd1 Bg4 19. h3 Bxe2 20. Qxe2 Qf5 21. Bc2 Qe6 22. Bf4 Qf5 23. Qxe4 Qb5 24. Rb1 e6 25. Bd3 Qb3 26. Qe2 Qa2 27. Be3 Ne7 28. Bg5 Rd7 29. Bb5 Nc6 30. Rbc1 Qd5 31. Be3 Rdc7 32. c4 Qe4 33. f3 Qh4 34. Bf2 Bxd4 35. Rxd4 Nxd4 36. Qd2 Nxf3+ 37. gxf3 Qxh3 38. Qf4 Re7 39. Qf6 Rec7 40. Bd4 Kf8 41. Qh8+ Ke7 42. Bf6+ Kd6 43. Rd1+ Kc5 44. Bd4+ Kd6 45. Be5+ Kc5 46. Bd4+ Kd6 47. Qe5+ Ke7 48. Bc5+ Rxc5 49. Rd7+ 1-0